Statistics for Rugrats Franchise

Click here to take the quiz!

General Stats

  • This quiz has been taken 9 times
  • The average score is 10 of 29

Answer Stats

Type Year Name Info % Correct
TV Show1991-2004RugratsNickelodeon
100%
TV Show2003-2008All Grown Up!Nickelodeon
100%
Film1998The Rugrats MovieParamount / Nickelodeon
88%
Film2000Rugrats in Paris: The MovieParamount
88%
Video Game2003Rugrats Go Wild!THQ / Nickelodeon Games
75%
Film2003Rugrats Go WildParamount
75%
TV Show2005Rugrats Pre-School DazeNickelodeon
50%
Video Game2000Rugrats: Totally AngelicaTHQ
25%
Video Game1999Rugrats: Studio TourTHQ
13%
Video Game2004All Grown Up!: Express YourselfTHQ
13%
Video Game2002Rugrats: I Gotta Go PartyTHQ
13%
Video Game1998Rugrats Adventure GameBroderbund
13%
Video Game1998Rugrats: Search for ReptarTHQ
13%
Video Game2001Rugrats: Castle CapersTHQ
13%
Video Game2002Rugrats: Royal RansomTHQ
13%
Comic Book2005A Baby's Work Is Never Done: A Rugrats Comic Strip CollectionNickelodeon Publishing
0%
Comic Book2004Rugrats: It's a Jungle Gym Out ThereNickelodeon Publishing
0%
Video Game2001Rugrats: All Growed-UpTHQ
0%
Video Game2002Rugrats Munchin LandTHQ
0%
Video Game2000Rugrats: Totally Angelica Boredom BustersMattel Interactive
0%
Video Game1999The Rugrats Mystery AdventureMattel Interactive
0%
Video Game1999Rugrats Activity ChallengeBroderbund
0%
Video Game1999Rugrats: Time TravelersTHQ
0%
Video Game1999Rugrats: Scavenger HuntTHQ
0%
Musical1998-2000Rugrats: A Live AdventureKlasky-Csupo
0%
Video Game2005Rugrats Food FightMobliss
0%

Score Distribution

Percentile by Number Answered

Percent of People with Each Score

Your Score History

You have not taken this quiz